Statistics for Poll- Which continent do you live in?

Click here to take the quiz!

General Stats

  • This quiz has been taken 34 times
  • The average score is 2 of 6

Answer Stats

ContinentLetterAnswer% Correct
EuropeAA / Europe
67%
North AmericaDD / North America
50%
OceaniaFF / Oceania
33%
AsiaBB / Asia
25%
AfricaCC / Africa
25%
South AmericaEE / South America
25%

Score Distribution

Percentile by Number Answered

Percent of People with Each Score

Your Score History

You have not taken this quiz